00396cam a22001337a 4500008004000000082001400040100002000054245004600074260003800120300001000158650003200168650003400200650002800234180718b1971 xxu||||| |||| 00| 0 eng d aB259 W563 aWheeler, Harvey aPolitics of revolutioncby Harvey Wheeler aBerkeleybGlendessary Pressc1971 a305p. aRevolution - United States. aSocial change - United States aUnited States - History